"Згадаймо предків наших, щоб історія перед нами не згасла...": [У Рівнен. краєзн. музеї одночасно відкрито три експозиції] (Запис № 303851)

МАРК-запис
000 -Лідер
fixed length control field 00670nam a22001817a 4500
003 - Ідентифікатор контрольного номера
control field UA-OsUOA
001 - Контрольний номер
control field 17683
007 - Фіксоване поле фізичного опису
fixed length control field ta
008 - Елементи даних фіксованої довжини – загальна інформація
fixed length control field 20040322b un ||||| |||| 00| 0 ukr d
040 ## - Джерело каталогізації
Агенція оригінальної каталогізації UA-OsUOA
Агенція, яка здійснювала перезапис UA-OsUOA
Агенція, яка здійснювала модифікацію UA-OsUOA
100 ## - Основне введення – ім’я особи
Ім’я особи (НП) Огородник М.
245 ## - Відомості про назву
Назва (НП) "Згадаймо предків наших, щоб історія перед нами не згасла...": [У Рівнен. краєзн. музеї одночасно відкрито три експозиції]
300 ## - Фізичний опис
Обсяг С.8
650 #7 - Додаткове предметне введення – тематичний термін
Тематичний термін чи географічна назва, як елемент введення (НП) Виставки
Джерело заголовка чи терміна UDC
773 0# - Введення хост-одиниці (П)
Контрольний номер запису (П) 0
Назва (НП) Нове життя
Місце, видавець та дата видання (НП) Здолбунів
-- 2004
Інформація про взаємозв’язок (П) №16/17/28 лют./
942 ## - Додаткові елементи входу (Коха)
Тип елемента Koha Стаття періодики
955 ## - Код типу видання за змістом
Код типу видання за змістом (НП) інше

Немає доступних примірників.